Statistiques concernant Maisons de 60 personnages de la saga Harry Potter

Cliquez ici pour prendre le quiz!

Statistiques générales

  • Ce quiz a été pris 4 940 fois
    (4 271 depuis la dernière actualisation)
  • Le résultat moyen est 50 sur 60

Statistiques - réponses

QuestionRéponse% Correct
Harry PotterGryffondor
100%
Hermione GrangerGryffondor
99%
Ron WeasleyGryffondor
99%
Drago MalefoySerpentard
98%
James PotterGryffondor
97%
Ginny WeasleyGryffondor
97%
Severus RogueSerpentard
97%
Lord VoldemortSerpentard
97%
Neville LondubatGryffondor
96%
Bellatrix LestrangeSerpentard
96%
Lily PotterGryffondor
95%
Fred WeasleyGryffondor
95%
George WeasleyGryffondor
94%
Minerva McGonagallGryffondor
94%
Narcissa MalefoySerpentard
94%
Lucius MalefoySerpentard
94%
Charlie WeasleyGryffondor
93%
Bill WeasleyGryffondor
93%
Percy WeasleyGryffondor
93%
Albus DumbledoreGryffondor
93%
Molly WeasleyGryffondor
93%
Arthur WeasleyGryffondor
93%
Godric GryffondorGryffondor
90%
Helga PoufsoufflePoufsouffle
90%
Rowena SerdaigleSerdaigle
90%
Salazar SerpentardSerpentard
90%
Luna LovegoodSerdaigle
89%
Vincent CrabbeSerpentard
89%
Gregory GoyleSerpentard
89%
Sirius BlackGryffondor
88%
Nick Quasi Sans TêteGryffondor
87%
Remus LupinGryffondor
87%
Seamus FinniganGryffondor
86%
Olivier DuboisGryffondor
86%
Pomona ChouravePoufsouffle
86%
Cho ChangSerdaigle
86%
Dean ThomasGryffondor
84%
Cedric DiggoryPoufsouffle
83%
Baron SanglantSerpentard
81%
Rubeus HagridGryffondor
79%
Colin CriveyGryffondor
78%
Lavande BrownGryffondor
77%
Filius FlitwickSerdaigle
77%
Phineas BlackSerpentard
76%
Peter PettigrowGryffondor
75%
Pansy ParkinsonSerpentard
75%
Dolores OmbrageSerpentard
75%
Lee JordanGryffondor
74%
Angelina JohnsonGryffondor
73%
Nymphadora TonksPoufsouffle
69%
Mimi GeignardeSerdaigle
67%
Horace SlughornSerpentard
62%
Parvati PatilGryffondor
61%
Cormac McLaggenGryffondor
59%
Sibylle TrelawneySerdaigle
55%
Gilderoy LockhartSerdaigle
54%
Ernie MacmillanPoufsouffle
50%
Garrick OllivanderSerdaigle
50%
Padma PatilSerdaigle
45%
Quirinus QuirellSerdaigle
38%

Distribution des résultats

Percentile par nombre de réponses

% des personnes avec chaque résultat

Votre développement - résultats

Vous n’avez pas pris ce quiz depuis la dernière actualisation